000 00951nac a22002891i 4500
003 EG-ScBUE
005 20230102092218.0
008 230102s2007 vraa f 001 0 eng d
020 _a9781864702569 (hbk.) :
040 _aEG-ScBUE
_beng
_erda
_cEG-ScBUE
_dEG-ScBUE
082 0 4 _a728.314
_bAPO
_222
245 0 2 _aa Pocketful of apartments /
_cedited by Janelle McCulloch.
264 1 _aMulgrave, Victoria :
_bImages Publishing,
_c2007.
300 _a279 pages :
_bcolor illustrations ;
_c13 cm
336 _2rdacontent
_atext
_btxt
337 _2rdamedia
_aunmediated
_bn
338 _2rdacarrier
_avolume
_bnc
500 _aIncludes index.
650 7 _aApartments
_xPictorial works.
_2BUEsh
650 7 _aInterior architecture.
_2BUEsh
650 7 _aInterior decoration.
_2BUEsh
650 7 _aApartment houses
_xDesigns and plans.
_2BUEsh
653 _bENGARC
655 _vReading book
700 1 _aMcCulloch, Janelle,
_eeditor.
942 _cBB
_2ddc
999 _c8660
_d8660